00506nam a2200193Ia 4500003000400000005001700004008004100021020001800062040000700080041000800087082001900095100004400114245005700158250000600215260003800221300001700259365001400276650002200290OSt20230320100828.0210423s2007 xx 000 0 und d a9780387683546 cAL aeng a547 223bCARF aCAREY (Francis A);SUNDBERG (Richard J). aAdvanced organic chemistry: reactions and synthesis. a5 aNew DelhibSpringer Pvt Ltdc2007 axxx,1321bPB b2659cINR aOrganic Chemistry